Statistics for Russian Rulers up to the Provisional Government

Click here to take the quiz!

General Stats

  • This quiz has been taken 34 times
  • The average score is 18 of 33

Answer Stats

Years RuledAnswer% Correct
1325-1340Ivan I
96%
1353-1359Ivan II
96%
1462-1505Ivan III
96%
1533-1547Ivan IV
96%
1740-1741Ivan VI
96%
1801-1825Alexander I
93%
1855-1881Alexander II
93%
1881-1894Alexander III
93%
1894-1917Nicholas II
89%
1682-1725Peter I
89%
1727-1730Peter II
89%
1761-1762Peter III
89%
1725-1727Catherine I
85%
1762-1796Catherine II
85%
1825-1855Nicholas I
81%
1741-1761Elizabeth
44%
1613-1645Michael
41%
1605-1606False Dmitry
37%
1730-1740Anna
33%
1796-1801Paul
30%
1389-1425Vasily I
26%
1425-1462Vasily II
26%
1505-1533Vasily III
26%
1610-1612Vasily IV
26%
1276-1303Daniel
22%
1598-1605Boris Godunov
19%
1584-1598Fyodor I
19%
1605Fyodor II
19%
1676-1682Fyodor III
19%
1645-1676Alexis
15%
1359-1389Dmitry Donskoy
7%
1340-1353Semyon
7%
1303-1325Yury
7%

Score Distribution

Percentile by Number Answered

Percent of People with Each Score

Your Score History

You have not taken this quiz